Responses for Show #8099 - Thursday, November 21, 2019

Contestants

[<< previous game]

Darrin Hall, a director of client engagement from Miami, Florida

Ryan Carmichael, a filmmaker from Astoria, New York

Elise Nussbaum, a financial counselor from Jersey City, New Jersey (whose 1-day cash winnings total $34,600)

[next game >>]

Jeopardy! Round responses

PUTTING OUT THE WELCOME MATH
WEIRD LEGAL NEWS
SOUP TO NUTS
"HOLD" IT
20th CENTURY HISTORY
NICKNAMES FROM TONY STARK
    $200 4
algebra

Darrin
    $200 14
Harrisburg

Elise
    $200 1
Tomato Soup

Ryan
    $200 16
uphold

Elise
    $200 6
Hong Kong

Elise
    $200 3
Spider-Man

Elise
    $400 5
a tangent

Elise
    $400 15
murder

Darrin
    $400 2
pine nuts

Darrin
    $400 17
behold

Elise
    $400 7
a bread line

Ryan
    $400 8
Legolas

Darrin
    $600 28
[The end-of-the-round signal sounds.]

a penguin

Darrin
    $600 10
Italian wedding

Ryan
    $600 18
(Elise: What is the glove holder?)
(Ryan: [Shakes head no])
(Alex: Oh, it's not gonna come?)

the cup holder

EliseRyanDarrin
    $600 9
the Guardians of the Galaxy

Elise
    $800 22
the dividend

Elise
    $800 27
(Ryan: What is a maze?)

an escape room

EliseRyan
    $800 12
a hazelnut

Darrin
    $800 19
(Darrin: What is Monopoly?)

Texas hold'em

EliseDarrin
    $800 24
(Alex: Correct with less than a minute now.)

Montgomery

Darrin
    $800 11
The Manchurian Candidate

Elise
    $1000 21
(Darrin: What is a scalene triangle?)

an oblique triangle

Darrin
Triple Stumper
    $1000 26
a breathalyzer

Elise
    $1000 13
vichyssoise

Elise
    $1000 23
a holdover

Elise
    $1,200 20
Edward VII

Elise
    $1000 25
Rock of Ages

Darrin

Scores at the first commercial break (after clue 15):

Elise Ryan Darrin
$3,400 $1,200 $2,200

Scores at the end of the Jeopardy! Round:

Elise Ryan Darrin
$9,000 -$200 $3,400

Double Jeopardy! Round responses

THE BOOK OF LAKE (& POND & RIVER)
NEW TO THE OED
PILLARS OF THE EARTH
(Alex: They're taking place this Sunday...)
THE AMERICAN MUSIC AWARDS
KLAUS ENCOUNTERS
OF THE THIRD KIND
    $400 15
Walden

Ryan
    $400 8
rooked

Darrin
    $400 7
Hanoi

Elise
    $400 3
Bruno Mars

Ryan
    $400 21
the Soviet Union

Elise
    $400 1
the Reich

Darrin
    $800 17
the Mississippi

Elise
    $800 16
noob

Elise
    $800 9
Hercules

Darrin
    $800 4
1989

Ryan
    $800 22
(Alex: Lemony Snicket. Yes.)

A Series of Unfortunate Events

Elise
    $800 2
soldiers

Ryan
    $2,200 18
the Lady of the Lake

Elise
    $3,000 10
(Darrin: Uh, who is Ruth?)

Lot's wife

Darrin
    $1200 5
Post Malone

Ryan
    $1200 25
(Alex: Less than a minute now.)

(Klaus) Kinski

Darrin
    $1200 12
Richard the Lionhearted

Darrin
    $1600 20
the grassy knoll

Elise
    $1600 11
Nelson

Elise
    $1600 6
"Despacito"

Elise
    $1600 24
the Czech Republic

Ryan
    $1600 13
Lake Placid

Ryan
    $2000 28
[The end-of-the-round signal sounds.]

The Wind in the Willows

Elise
    $2000 19
the dragon fruit

Elise
    $2000 27
(Elise: Who is Darius?)

Pompey

Elise
Triple Stumper
    $2000 14
BTS

Elise
    $2000 23
Out of Africa

Elise
    $2000 26
(Alex: First trip to the Moon.)

(astronaut) Michael Collins

Triple Stumper

Scores at the end of the Double Jeopardy! Round:

Elise Ryan Darrin
$25,200 $6,600 $4,400
(lock game)

[wagering suggestions for these scores]

Final Jeopardy! Round responses

AMERICAN HISTORY
DarrinWhat is Benton?
$2,200
RyanWhat is McKinley
$2,201
EliseWhat is Arthur?
$5,000
Sherman

Final scores:

Elise Ryan Darrin
$20,200 $4,399 $2,200
2-day champion: $54,800 2nd place: $2,000 3rd place: $1,000

Game dynamics:

Coryat scores:

Elise Ryan Darrin
$24,000 $6,600 $7,400
28 R
(including 2 DDs),
2 W
10 R,
2 W
14 R,
3 W
(including 1 DD)

Combined Coryat: $38,000

[game clues] [game scores] [suggest correction]

Game tape date: 2019-09-24
The J! Archive is created by fans, for fans. Scraping, republication, monetization, and malicious use prohibited; this site may use cookies and collect identifying information. See terms. The Jeopardy! game show and all elements thereof, including but not limited to copyright and trademark thereto, are the property of Jeopardy Productions, Inc. and are protected under law. This website is not affiliated with, sponsored by, or operated by Jeopardy Productions, Inc. Join the discussion at JBoard.tv.